000 00803nam a2200217 a 4500
001 BRCA_6351
005 20190321142937.0
008 180811s1911----gw-af#####---#000-0#ger-#
041 _ager
044 _agw
050 4 _b.Z56 1911
100 1 _aZimmern, Froben Christoph von
_d1519-1566
_915921
245 1 0 _aAus der Chronika derer von zimmern
_bHistorien und Kuriosa aus sechs Jahrhuderten deutschen Lebens
_cUrkundlich erzahlt von Graf Froben Christoph von Zimmern ; Johannes Müller. Herausgegeben von Bernhard Ihringer.
260 _aEbenhausen-Múnich ; Leipzig
_bLangewiesche-Brandt
_c1911
300 _a509 p.
_bil., grabados
_c19 cm.
500 _aK129
651 4 _aAlemania
_xVida social y costumbres
_915922
700 1 _aIhringer, Bernhard
_eed.
_915923
902 _aGFM
942 _2lcc
_cB
999 _c6037
_d6037